| 000 | 01943nam a22002657a 4500 | ||
|---|---|---|---|
| 999 |
_c420696 _d420696 |
||
| 001 | 133521 | ||
| 003 | UA-OsUOA | ||
| 005 | 20230504161357.0 | ||
| 007 | ta | ||
| 008 | 20181025b un ||||| |||| 00| 0 ukr d | ||
| 020 | _a9789665795162 | ||
| 040 |
_aUA-OsUOA _bukr _cUA-OsUOA _dUA-OsUOA |
||
| 041 | _aukr | ||
| 080 | _a821.161.2 | ||
| 090 |
_a821.161.2 _bТ77 |
||
| 100 | _aТрубай В. В. | ||
| 245 |
_aТанг _bоповідання, повість |
||
| 260 |
_aК. _bУкраїнський письменник _c2016 |
||
| 300 | _a272 с. | ||
| 520 | _aВасиль Трубай — один із відомих українських письменників. Автор книжок: «Кінець світу», «Все просто», «Я не можу не бути», «Ріка», «Згвалтування реальності», «Натюрморт з котами». Він знаний кіносценарист і публіцист. За його творами знято художні фільми: «Посилка для Маргарет Тетчер» та «Вперед, за скарбами гетьмана!». Лавреат літературних премій імені Григорія Косинки та Тодося Осьмачки. Твори письменника перекладалися англійською, німецькою, чеською, сербською, білоруською мовами. Викладає кінодраматургію в Інституті екранних мистецтв Київського національного університету театру, кіно і телебачення імені І. К. Карпенка-Карого. | ||
| 650 | 7 |
_a82 Література. Літературознавство _2UDC |
|
| 942 |
_cBK _2udc |
||
| 955 | _a3 | ||